000 005990000a22001930004500
001 768714001
003 CO-MdFUSB
005 20170616111016.0
008 170616s1986 mx ||||| |||| 00| 0 spa d
022 _a0122-2996
040 _aCO-MdFUSB
_bspa
_cCO-MdFUSB
_dCO-MdFUSB
041 _aspa
100 1 _aLeón, Jorge A.
_eautor
245 1 0 _aEl Espíritu Santo en la vida y misión de la Iglesia
300 _aVolumen 17 (1986), Páginas 31-40
_c28 cm.
546 _aTexto en español
773 0 _tBoletín Teológico
_049507
_961485
_gVolumen 17 (1986), Páginas 31-40
_qPágina 31
942 _cANA
999 _c59652
_d59652